Guia da Biodiversidade de Oeiras (Record no. 45146)

MARC details
000 -Etiqueta do registo
Valores 00371nam a2200157 4500
100 ## - Dados gerais de processamento
Dados gerais 20251114 pory50
101 ## - Língua de publicação
Língua por
102 ## - País de publicação
País PT
200 ## - Titulo e menção de responsabilidade
Título próprio Guia da Biodiversidade de Oeiras
Primeira menção de responsabilidade Diogo Oliveira
210 ## - Publicação
Local de publicação Oeiras
Nome do editor Município de Oeiras
Data de publicação 2025
215 ## - Descrição física 
Paginação / Volumes 447 p.
Outras indicações físicas il.
675 ## - CDU
Notação 57.081
801 ## - Fonte de origem
País PT
Regras de catalogação RPC
990 ## - Elementos KOHA
Tipo de documento Livro
Holdings
Aquisição Empréstimo Código de barras Cota Permissão de empréstimo Tipo de documento
Biblioteca Municipal de Redondo Biblioteca Municipal de Redondo 055853 57.081 OLI   Livro

Powered by Koha